| 000 -LEADER |
| fixed length control field |
00999nam a22002417a 4500 |
| 005 - DATE AND TIME OF LATEST TRANSACTION |
| control field |
20251104105306.0 |
| 008 - FIXED-LENGTH DATA ELEMENTS--GENERAL INFORMATION |
| fixed length control field |
251104b ||||| |||| 00| 0 eng d |
| 020 ## - INTERNATIONAL STANDARD BOOK NUMBER |
| International Standard Book Number |
9780763662547 |
| 040 ## - CATALOGING SOURCE |
| Transcribing agency |
KH8 |
| 082 ## - DEWEY DECIMAL CLASSIFICATION NUMBER |
| Classification number |
813.6 STE |
| 100 ## - MAIN ENTRY--PERSONAL NAME |
| Personal name |
STEIN,PETER |
| Relator term |
AUTHOR |
| 245 ## - TITLE STATEMENT |
| Title |
TOYS GALORE |
| 250 ## - EDITION STATEMENT |
| Edition statement |
First Edition |
| 260 ## - PUBLICATION, DISTRIBUTION, ETC. |
| Place of publication, distribution, etc. |
99 Dover Street Somerville,Massachusetts 02144 |
| Name of publisher, distributor, etc. |
Candlewick Press |
| Date of publication, distribution, etc. |
2013 |
| 300 ## - PHYSICAL DESCRIPTION |
| Extent |
34 pages |
| Other physical details |
Colour Illustration |
| Dimensions |
24 cm x 27 cm |
| 520 ## - SUMMARY, ETC. |
| Summary, etc. |
If you're game, open up the world's wackiest toy chest, where anything and everything can turn into nonstop, action-packed fun. Once again, Peter Stein's playful verse and Bob Staake's uproarious illustrations come together in an explosion of color and whimsy, while imagination takes center stage as the best toy of all. |
| 650 ## - SUBJECT ADDED ENTRY--TOPICAL TERM |
| Topical term or geographic name entry element |
Toys, Dolls & Puppets |
| 650 ## - SUBJECT ADDED ENTRY--TOPICAL TERM |
| Topical term or geographic name entry element |
Imagination & Play |
| 650 ## - SUBJECT ADDED ENTRY--TOPICAL TERM |
| Topical term or geographic name entry element |
Stories in Verse |
| 655 ## - INDEX TERM--GENRE/FORM |
| Genre/form data or focus term |
JUVENILE FICTION  |
| 700 ## - ADDED ENTRY--PERSONAL NAME |
| Personal name |
Staake,Bob |
| Relator term |
Illustrator |
| 942 ## - ADDED ENTRY ELEMENTS (KOHA) |
| Source of classification or shelving scheme |
|
| Koha item type |
Books - Fiction |